Informe sobre la situación de los derechos humanos en Guatemala julio 1983
Gardado en:
| Autor Corporativo: | |
|---|---|
| Formato: | Texto |
| Idioma: | Spanish |
| Publicado: |
México:
CDHG
1983
|
| Materias: | |
| Etiquetas: |
Engadir etiqueta
Sen Etiquetas, Sexa o primeiro en etiquetar este rexistro!
|
MARC
| LEADER | 00000 a a2200000 04500 | ||
|---|---|---|---|
| 001 | 20924 | ||
| 003 | cru CRAIS/IIS | ||
| 005 | 20220601112007.0 | ||
| 008 | 210908b1983 Mx ||||| |||| 00| 0 spa d | ||
| 040 | |c CRAIS/IIS | ||
| 090 | |a 04.02.01 C733i 1983 | ||
| 110 | |a Comisión de Derechos Humanos de Guatemala | ||
| 245 | |a Informe sobre la situación de los derechos humanos en Guatemala |b julio 1983 |c Comisión de Derechos Humanos de Guatemala (CDHG) | ||
| 260 | |a México: |b CDHG |c 1983 | ||
| 300 | |a 50 páginas | ||
| 650 | 0 | |9 10297 |a DERECHOS HUMANOS COLECTIVOS | |
| 650 | 0 | |9 7386 |a VIOLACION A LOS DERECHOS HUMANOS | |
| 650 | 0 | |9 1527 |a TORTURA | |
| 650 | 0 | |9 2860 |a REFUGIADOS | |
| 650 | 0 | |9 7019 |a HOMICIDIO | |
| 942 | |2 ddc |c LI |i 04.02.01 C733i 1983 |6 040201_C733I_1983 | ||
| 999 | |c 44279 |d 44279 | ||
